000 00329 a2200145 4500
001 151407
040 _cEscola São Tomás de Aquino
100 _aBELINKY, Tatiana
240 1 0 _aPicadas e picadinhas
_lpor
245 1 0 _aPicadas e picadinhas
300 _a24
362 0 _a2008
697 _a*LITERATURA INFANTIL
942 _cBK
999 _c151407
_d151407